000 00390 a2200145 4500
005 20250628094926.0
020 _a0-06-043775-8
082 _a658.3 KOS
100 _aKOSSEN, S.
245 _aThe Human Side of Organizations,
250 _a3rd Ed.
260 _aNew York,
_bHarper & Row, Publishers,
_c1983
300 _axii, 568p: ill,; picture,
_bGlossary & Index,
_c24cm.
942 _2ddc
_cBKS
999 _c5934
_d5934